| 000 | 00497nam a22002057a 4500 | ||
|---|---|---|---|
| 003 | OSt | ||
| 005 | 20241121101154.0 | ||
| 008 | 241113b |||||||| |||| 00| 0 eng d | ||
| 020 | _a3540780319 | ||
| 040 | _cT | ||
| 082 | _a512.73 | ||
| 100 | _aApostol,Tom M | ||
| 245 | _aIntroduction to Analytic Number Theory | ||
| 250 | _a1st | ||
| 260 |
_aNew Delhi _bNarosa Publishing House _c1980 |
||
| 500 | _aTRANSFERED | ||
| 650 | 0 |
_aMathematics _vMathematics |
|
| 942 |
_cBK _2ddc |
||
| 999 |
_c248812 _d248812 |
||